Principy vosprijatija podvižnych ob'jektov

Enregistré dans:
Détails bibliographiques
Auteur principal: Ullman, Shimon
Format: Livre
Langue:russe
Publié: Moskva Radio i svjaz' 1983
Tags: Ajouter un tag
Pas de tags, Soyez le premier à ajouter un tag!

MARC

LEADER 00000nam a2200000 4500
001 c116812
005 20240912111539.2
041 0 |a rus 
044 |a RU 
245 1 0 |a Principy vosprijatija podvižnych ob'jektov  |c Shimon Ullman ; [Perevod s anglijskogo R.M. Abdusamatova i D.A. Belova] 
264 1 |a Moskva  |b Radio i svjaz'  |c 1983 
300 |a 166 s. 
100 1 |a Ullman, Shimon